书目信息 |
| 题名: |
合成生物学与合成酶学
|
|
| 作者: | 张今 编著 | |
| 分册: | ||
| 出版信息: | 北京 科学出版社 2012.4 |
|
| 页数: | 288页 | |
| 开本: | 26cm | |
| 丛书名: | ||
| 单 册: | ||
| 中图分类: | Q503 , Q559 | |
| 科图分类: | ||
| 主题词: | 生物合成 , 合成酶 | |
| 电子资源: | ||
| ISBN: | 978-7-03-033988-1 | |
| 000 | 01055nam0 2200289 45 | |
| 001 | 1360089827 | |
| 005 | 20130530110541.04 | |
| 010 | @a978-7-03-033988-1@dCNY68.00 | |
| 100 | @a20130513d2012 em y0chiy50 ea | |
| 101 | 0 | @achi |
| 102 | @aCN@b110000 | |
| 105 | @aa z 000yy | |
| 106 | @ar | |
| 200 | 1 | @a合成生物学与合成酶学@AHe Cheng Sheng Wu Xue Yu He Cheng Mei Xue@f张今[等]编著@FZhang Jin [ Deng ] Bian Zhu |
| 210 | @a北京@c科学出版社@d2012.4 | |
| 215 | @a288页@c图@d26cm | |
| 300 | @a“十二五”国家重点图书出版规划项目 生命科学前沿 | |
| 304 | @a编著者还有:施维,李桂英,盛永杰,姜大志 | |
| 312 | @a封面英文题名:Synthetic biology and synthetic enzymology | |
| 330 | @a本书共分7章。第1章合成生物学概述;第2章分子酶学工程概要;第3章、第4章和第5章详细介绍了合成生物元件、装置、基因网络和系统;第6章介绍合成代谢途径;第7章介绍合成酶学。 | |
| 606 | 0 | @a生物合成 |
| 606 | 0 | @a合成酶 |
| 690 | @aQ503@v5 | |
| 690 | @aQ559@v5 | |
| 701 | 0 | @a张今@AZhang Jin@4编著 |
| 801 | @aCN@bTANGWEI@c20130522 | |
| 905 | @b0834012-15@dQ503@e197@f4 | |
| 合成生物学与合成酶学/张今[等]编著.-北京:科学出版社,2012.4 |
| 288页:图;26cm |
| “十二五”国家重点图书出版规划项目 生命科学前沿 |
| ISBN 978-7-03-033988-1:CNY68.00 |
| 本书共分7章。第1章合成生物学概述;第2章分子酶学工程概要;第3章、第4章和第5章详细介绍了合成生物元件、装置、基因网络和系统;第6章介绍合成代谢途径;第7章介绍合成酶学。 |
| ● |
| 相关链接 |
|
|
|
|
正题名:合成生物学与合成酶学
索取号:Q503/197
 
预约/预借
| 序号 | 登录号 | 条形码 | 馆藏地/架位号 | 状态 | 备注 |
| 1 | 0834012 | 208340124 | 第二样本阅览室/ [索取号:Q503/197] | 在馆 | |
| 2 | 0834013 | 208340133 | 第三借阅区/ [索取号:Q503/197] | 在馆 | |
| 3 | 0834014 | 208340142 | 第三借阅区/ [索取号:Q503/197] | 在馆 | |
| 4 | 0834015 | 208340151 | 密集书库-化学系/ [索取号:Q503/197] | 在馆 |